Sources of Mughal History 1526 to 1740 (Record no. 63294)

MARC details
000 -LEADER
fixed length control field 00394nam a2200157Ia 4500
008 - FIXED-LENGTH DATA ELEMENTS--GENERAL INFORMATION
fixed length control field 230917s9999||||xx |||||||||||||| ||und||
020 ## - ISBN
Price RS95
040 ## - CATALOGING SOURCE
-- 26866
Original cataloging agency VIVEKANANDA LIBRARY
041 ## - Language
-- English
082 ## - DDC NUMBER
Classification number 954.025 G959S
100 ## - MAIN ENTRY--PERSONAL NAME
Personal name Gupta, Manik Lal
245 #0 - TITLE STATEMENT
Title Sources of Mughal History 1526 to 1740
260 ## - PUBLICATION, DISTRIBUTION, ETC. (IMPRINT)
Place of publication, distribution, etc New Delhi
Name of publisher, distributor, etc Atlantic Publishers
Date of publication, distribution, etc 1989
300 ## - PHYSICAL DESCRIPTION
Pages 118 p.
942 ## - ADDED ENTRY ELEMENTS (KOHA)
Koha item type Books
Holdings
Withdrawn status Lost status Damaged status Not for loan Location (home branch) Sublocation or collection (holding branch) Date acquired Koha issues (times borrowed) Koha full call number Accession No. Koha date last seen Koha item type
        VIVEKANANDA LIBRARY VIVEKANANDA LIBRARY 29/08/2002   954.025 G959S 135212 17/09/2023 Books
© Designed and Maintained by Vivekananda Library, MDU Rohtak